Statystyki dla Pięć najbiedniejszych krajów według kontynentów

Kliknij tutaj aby rozwiązać quiz!

Ogólne statystyki

  • Ten quiz został rozwiązany 417 razy
  • Średni wynik to 16 z 30

Statystyki odpowiedzi

KontynentGDP per CapitaPaństwo% Poprawnych
Europe$6,770Mołdawia
77%
Europe$11,600Kosowo
74%
Europe$9,320Ukraina
73%
South America$11,600Wenezuela
70%
Europe$13,700Albania
64%
South America$7,820Boliwia
61%
South America$8,950Gujana
60%
South America$14,200Paragwaj
60%
Europe$14,200Bośnia i Hercegowina
59%
South America$11,800Ekwador
58%
North America$1,900Haiti
56%
Africa$890Demokratyczna Republika Konga
54%
Africa$1,100Niger
54%
Asia$1,550Korea Północna
53%
Asia$2,720Syria
51%
Asia$2,050Afganistan
50%
North America$5,400Honduras
49%
Africa$720Burundi
48%
North America$5,440Nikaragua
47%
North America$8,730Gwatemala
44%
Asia$2,570Jemen
44%
Oceania$2,080Kiribati
44%
North America$8,640Salwador
44%
Oceania$2,970Vanuatu
44%
Oceania$3,430Mikronezja
43%
Oceania$2,320Wyspy Salomona
43%
Oceania$3,800Papua-Nowa Gwinea
42%
Asia$3,120Nepal
40%
Africa$800Republika Środkowoafrykańska
31%
Africa$1,270Malawi
26%

Rozkład punktacji

Percentyl według liczby udzielonych odpowiedzi

Procent ludzi z każdym wynikiem

Twoja historia wyników

Nie rozwiązałeś tego quizu